00921nam a2200265 u 45000010006000000050017000060080041000230350010000640400013000740410008000870820008000951000048001032450026001512600043001773000018002206500046002386500028002846500036003126500030003486500033003786500042004117000051004537000046005045000105005506683220260504071614.0960313s1992 ||||||m| spa  a66832 ccomduadb aspa 4a37110aBohorquez Agudelo, Pedro Hernando4auteaut13aEl maestro orientador aMedellín :b[sin publicador],c1992. a253 páginas 7aFormación profesional de maestros2lemb aOrientación educativa 0aProceso enseñanza-aprendizaje aOrientación estudiantil 7aCapacitación docente2lemb 7aRelaciones maestro-estudiante2armarc10aCarvajal Bustamante, Teresa de Jesus4auteaut10aRodriguez Rivera, Antonio Jesus4auteaut aTesis (Especialista en Supervision Educativa) Universidad de Antioquia - Título del grado otorgado